Statistics for Disney Movies by Year

Click here to take the quiz!

General Stats

  • This quiz has been taken 62 times
  • The average score is 2 of 8

Answer Stats

YearMovie% Correct
1937Snow White and the Seven Dwarfs
100%
1942Bambi
46%
1951Alice in Wonderland
17%
1949The Adventures of Ichabod and Mr. Toad
15%
1947Fun and Fancy Free
12%
1945The Three Caballeros
7%
1987Benji the Hunted
0%
1952The Story of Robin Hood and His Merrie Men
0%

Score Distribution

Percentile by Number Answered

Percent of People with Each Score

Your Score History

You have not taken this quiz